[Event "Aut_2.Bundesliga_Ost_2004/05"]
[Site "?"]
[Date "2005.01.29"]
[Round "5.4"]
[White "Kremsner, Andreas"]
[Black "Galavics, Hermann"]
[Result "1-0"]
[WhiteElo "2207"]
[BlackElo "2098"]
[PlyCount "62"]
[EventDate "2004.10.09"]

1. d4 d5 2. Nf3 Nf6 3. c4 c6 4. e3 e6 5. Nc3 Nbd7 6. Bd3 dxc4 7. Bxc4 b5 8. Bd3
Bb7 9. e4 a6 10. e5 Nd5 11. Nxd5 cxd5 12. O-O Be7 13. Ne1 Qb6 14. Be3 Rc8 15.
Qg4 g6 16. Nf3 f5 17. exf6 Bxf6 18. h4 Ke7 19. Rfe1 Rce8 20. Ng5 Bxg5 21. Bxg5+
Kd6 22. Qg3+ e5 23. dxe5+ Rxe5 24. Rxe5 Nxe5 25. Be7+ Ke6 26. Re1 Qd4 27. Qg5
Re8 28. Qf6+ Kd7 29. Qd6+ Kc8 30. Rxe5 Qxd3 31. Qe6+ Kc7 1-0

[Event "Aut_2.Bundesliga_Ost_2004/05"]
[Site "?"]
[Date "2005.01.29"]
[Round "5.5"]
[White "Srienz, Christian"]
[Black "Likavsky, Tomas"]
[Result "1/2-1/2"]
[WhiteElo "2285"]
[BlackElo "2449"]
[PlyCount "98"]
[EventDate "2004.10.09"]

1. e4 c5 2. Nc3 e6 3. Nf3 a6 4. d4 cxd4 5. Nxd4 b5 6. Be3 d6 7. g4 Bb7 8. Bg2
Nd7 9. O-O b4 10. Nce2 Ngf6 11. Ng3 d5 12. exd5 Nxd5 13. Re1 Bc5 14. Bxd5 Bxd5
15. Ndf5 Bxe3 16. Rxe3 O-O 17. Ne7+ Qxe7 18. Qxd5 Rfd8 19. Rae1 Nf6 20. Qg5 h6
21. Qh4 Qc5 22. Ne4 Nxe4 23. Rxe4 Rd2 24. g5 hxg5 25. Qg3 Rad8 26. Re5 Qxc2 27.
Rxg5 Qxb2 28. Ree5 Qc1+ 29. Kg2 Qc6+ 30. Kh3 R2d3 31. Rxg7+ Kf8 32. Re3 Rxe3
33. fxe3 Ke8 34. Qf4 Kd7 35. Rxf7+ Kc8 36. Rf8 a5 37. Rxd8+ Kxd8 38. Qb8+ Kd7
39. Qa7+ Qc7 40. Qd4+ Kc8 41. Qe4 Qb7 42. Qc2+ Kb8 43. Kg4 e5 44. h4 Qg7+ 45.
Kf3 Qf7+ 46. Kg4 Qd7+ 47. Kg3 Qg7+ 48. Kf3 Qf6+ 49. Kg4 Qg7+ 1/2-1/2

[Event "Aut_2.Bundesliga_Ost_2004/05"]
[Site "?"]
[Date "2005.01.29"]
[Round "5.5"]
[White "Manik, Mikulas"]
[Black "Wukits, Rene"]
[Result "1-0"]
[WhiteElo "2510"]
[BlackElo "2265"]
[PlyCount "45"]
[EventDate "2004.10.09"]

1. e4 c5 2. Nf3 e6 3. d4 cxd4 4. Nxd4 a6 5. Nc3 Qc7 6. Bd3 Nf6 7. f4 d6 8. Be3
b6 9. g4 g6 10. f5 gxf5 11. exf5 Bb7 12. Rf1 e5 13. g5 Nd5 14. Nxd5 Bxd5 15.
Qh5 exd4 16. Bxd4 Rg8 17. g6 hxg6 18. fxg6 Qb7 19. O-O-O Kd8 20. g7 Nd7 21. Bh7
Rxg7 22. Bxg7 Bxg7 23. Rxd5 1-0

[Event "Aut_2.Bundesliga_Ost_2004/05"]
[Site "?"]
[Date "2005.01.29"]
[Round "5.5"]
[White "Kleiser, Gregor"]
[Black "Antal, Gergely"]
[Result "0-1"]
[WhiteElo "2262"]
[BlackElo "2450"]
[PlyCount "92"]
[EventDate "2004.10.09"]

1. d4 d5 2. c4 Nc6 3. cxd5 Qxd5 4. e3 e5 5. Nc3 Bb4 6. Bd2 Bxc3 7. Bxc3 exd4 8.
Ne2 Nf6 9. Nxd4 O-O 10. Nxc6 Qxc6 11. Qf3 Qxf3 12. gxf3 Nd5 13. Bd2 c5 14.
O-O-O Be6 15. a3 Ne7 16. Bc3 Bb3 17. Rg1 g6 18. Rd7 Rfd8 19. Rxd8+ Rxd8 20. Be2
Nd5 21. Bd2 Nc7 22. f4 f5 23. h4 Nd5 24. h5 Kf7 25. Rh1 Nf6 26. Rh3 gxh5 27.
Bc3 Ne4 28. Rxh5 Kg6 29. Rh1 Nxc3 30. bxc3 Rd7 31. Rg1+ Kf6 32. c4 Ba4 33. Rh1
Bc6 34. Rh6+ Kg7 35. Re6 Be4 36. Re5 b6 37. Bd1 Kf6 38. f3 Bd3 39. Bc2 Bxc2 40.
Kxc2 Re7 41. Rxe7 Kxe7 42. e4 h5 43. Kd2 h4 44. Ke3 h3 45. Kf2 b5 46. cxb5 c4
0-1

[Event "Aut_2.Bundesliga_Ost_2004/05"]
[Site "?"]
[Date "2005.01.29"]
[Round "5.5"]
[White "Plank, Franz"]
[Black "Froeschl, Felix"]
[Result "1-0"]
[WhiteElo "2305"]
[BlackElo "2234"]
[PlyCount "123"]
[EventDate "2004.10.09"]

1. e4 c5 2. Nf3 d6 3. Bc4 Nf6 4. Qe2 Nc6 5. c3 a6 6. Bb3 Bg4 7. h3 Bxf3 8. Qxf3
e6 9. O-O Be7 10. Rd1 O-O 11. d3 Qc7 12. Nd2 b5 13. Qe2 d5 14. exd5 exd5 15.
Nf3 Rfe8 16. Qf1 h6 17. Be3 Bf8 18. Re1 Qd7 19. Rad1 Qf5 20. Bc1 Bd6 21. Bc2 d4
22. cxd4 cxd4 23. a3 Bf4 24. Rxe8+ Rxe8 25. Bxf4 Qxf4 26. Re1 Rxe1 27. Qxe1 g5
28. Bb3 Kg7 29. Qd1 Ne5 30. Nxe5 Qxe5 31. g3 a5 32. Kg2 a4 33. Ba2 h5 34. Qf3
g4 35. hxg4 hxg4 36. Qb7 Qe8 37. Bd5 Qd7 38. Qxd7 Nxd7 39. Bc6 Nc5 40. Bxb5 Kf6
41. Kf1 Ke5 42. Ke2 f6 43. Kd2 Kd6 44. Kc2 Kc7 45. Be8 Kd6 46. Bf7 Ke7 47. Bc4
Kd6 48. b3 axb3+ 49. Bxb3 Nd7 50. Bg8 Ne5 51. Bh7 Ke6 52. Be4 f5 53. Bb7 Kd7
54. Bd5 Kd6 55. Bg8 Nc6 56. Bf7 Na5 57. Be8 Kd5 58. Kb2 Kd6 59. a4 Nb7 60. Kb3
Kc5 61. Bd7 Nd6 62. Be6 1-0

[Event "Aut_2.Bundesliga_Ost_2004/05"]
[Site "?"]
[Date "2005.01.29"]
[Round "5.5"]
[White "Wallner, Alfred"]
[Black "Allacher, Erwin"]
[Result "1-0"]
[WhiteElo "2232"]
[BlackElo "2147"]
[PlyCount "109"]
[EventDate "2004.10.09"]

1. e4 c5 2. Nf3 Nc6 3. d4 cxd4 4. Nxd4 Nf6 5. Nc3 e5 6. Ndb5 d6 7. Bg5 a6 8.
Na3 b5 9. Bxf6 gxf6 10. Nd5 f5 11. c3 Bg7 12. exf5 Bxf5 13. Nc2 O-O 14. Nce3
Be6 15. g3 Rb8 16. Bg2 b4 17. O-O bxc3 18. bxc3 Qa5 19. Kh1 f5 20. f4 Qc5 21.
Nc7 Bf7 22. Nxf5 Bc4 23. Nxg7 Kxg7 24. Qg4+ Kh8 25. Ne6 Bxe6 26. Qxe6 Rbe8 27.
Qd7 Nb8 28. Qb7 exf4 29. Be4 Qh5 30. gxf4 Rf7 31. Qd5 Qxd5 32. Bxd5 Rf5 33. c4
a5 34. Rab1 Na6 35. Rb5 a4 36. Bc6 Ref8 37. Rxf5 Rxf5 38. Bxa4 Ra5 39. Bb3 Nc5
40. Rd1 Ra6 41. Rg1 Rb6 42. Rg3 Rb8 43. Kg2 Rf8 44. Rg4 Rb8 45. Rg3 Rf8 46. Kf3
Rb8 47. Kg4 Rf8 48. Re3 Rg8+ 49. Kf3 Rb8 50. Kg4 Rg8+ 51. Kf5 Rf8+ 52. Kg5 Rg8+
53. Kf6 Rg6+ 54. Ke7 h5 55. f5 1-0

[Event "Aut_2.Bundesliga_Ost_2004/05"]
[Site "?"]
[Date "2005.01.29"]
[Round "5.6"]
[White "Loeffler, Stefan"]
[Black "Sandhu, Mario"]
[Result "1/2-1/2"]
[WhiteElo "2432"]
[BlackElo "2314"]
[PlyCount "90"]
[EventDate "2004.10.09"]

1. Nf3 Nf6 2. c4 b6 3. g3 c5 4. Bg2 Bb7 5. O-O g6 6. e3 Bg7 7. d4 cxd4 8. exd4
O-O 9. Nc3 Na6 10. Re1 Nc7 11. d5 e6 12. dxe6 dxe6 13. Bf4 Qc8 14. Qe2 Rd8 15.
Rad1 Rxd1 16. Rxd1 Nce8 17. Be5 Bc6 18. b4 a6 19. Rd4 Ra7 20. Qd1 Rd7 21. b5
axb5 22. cxb5 Rxd4 23. Bxd4 Bd5 24. Nxd5 Nxd5 25. Ne5 Nec7 26. a4 Qe8 27. h4 h5
28. Nc6 Bxd4 29. Qxd4 Qf8 30. Be4 Qa3 31. Nd8 Qc3 32. Qd1 Qc5 33. Qf3 Qf8 34.
Nc6 Qg7 35. Kg2 Qb2 36. Qd3 Kg7 37. Bxd5 Nxd5 38. a5 bxa5 39. Nxa5 Nc7 40. Nc4
Qxb5 41. Qd4+ Kh7 42. Nd6 Qc6+ 43. Kg1 Nb5 44. Nxb5 Qxb5 45. f4 Qb1+ 1/2-1/2

[Event "Aut_2.Bundesliga_Ost_2004/05"]
[Site "?"]
[Date "2005.01.29"]
[Round "5.6"]
[White "Hofbauer, Martin"]
[Black "Miniboeck, Guenter"]
[Result "1/2-1/2"]
[WhiteElo "2334"]
[BlackElo "2345"]
[PlyCount "40"]
[EventDate "2004.10.09"]

1. e4 c5 2. Nf3 d6 3. Bb5+ Bd7 4. Bxd7+ Qxd7 5. O-O Nf6 6. Re1 Nc6 7. d3 g6 8.
Nbd2 Bg7 9. a4 O-O 10. Nc4 d5 11. Nce5 Nxe5 12. Nxe5 Qd6 13. exd5 Nxd5 14. Nc4
Qc7 15. Bd2 Rad8 16. Qc1 Rfe8 17. Bh6 Nb4 18. Bxg7 Kxg7 19. Re3 Nd5 20. Re1 e5
1/2-1/2

[Event "Aut_2.Bundesliga_Ost_2004/05"]
[Site "?"]
[Date "2005.01.29"]
[Round "5.6"]
[White "Sulyok, Michael"]
[Black "Schneider-Zinner, Harald"]
[Result "1/2-1/2"]
[WhiteElo "2205"]
[BlackElo "2358"]
[PlyCount "69"]
[EventDate "2004.10.09"]

1. c4 e6 2. Nf3 d5 3. g3 c6 4. Qc2 Nd7 5. d4 Ngf6 6. Bg2 Be7 7. O-O O-O 8. Nbd2
b6 9. b3 Bb7 10. Bb2 Rc8 11. e4 dxe4 12. Nxe4 Qc7 13. Rad1 Nxe4 14. Qxe4 c5 15.
Qe2 cxd4 16. Nxd4 Bxg2 17. Kxg2 Bf6 18. Nb5 Qb7+ 19. f3 Rc6 20. Bxf6 Nxf6 21.
Rd2 a6 22. Nd6 Qb8 23. Rfd1 Rc5 24. b4 Rc7 25. Rd4 Rd8 26. Ne4 Rxd4 27. Nxf6+
gxf6 28. Rxd4 Rc8 29. Qd3 Qe5 30. Rd8+ Rxd8 31. Qxd8+ Kg7 32. Qxb6 Qe2+ 33. Qf2
Qxc4 34. Qb2 Qb5 35. Qd2 1/2-1/2

[Event "Aut_2.Bundesliga_Ost_2004/05"]
[Site "?"]
[Date "2005.01.29"]
[Round "5.6"]
[White "Holzer, Gerhard"]
[Black "Herndlbauer, Martin"]
[Result "1/2-1/2"]
[WhiteElo "2276"]
[BlackElo "2132"]
[PlyCount "69"]
[EventDate "2004.10.09"]

1. b3 e5 2. c4 Nf6 3. e3 d5 4. cxd5 Nxd5 5. Bb2 Nc6 6. a3 Be6 7. d3 Qd7 8. Nf3
f6 9. Be2 g5 10. Qc2 O-O-O 11. b4 g4 12. Nfd2 Kb8 13. b5 Na5 14. Nc3 Nxc3 15.
Bxc3 Qxb5 16. Rb1 Qd5 17. O-O Nc6 18. Rfc1 Bxa3 19. Bb2 Bxb2 20. Rxb2 Ka8 21.
Bf1 f5 22. g3 f4 23. Qa4 Rhf8 24. Nc4 Bd7 25. Rb5 Nd4 26. Qxa7+ Kxa7 27. Rxd5
Nf3+ 28. Kh1 Bc6 29. Ra5+ Kb8 30. e4 b6 31. Ra3 Rf6 32. Bg2 Re8 33. gxf4 exf4
34. Bxf3 gxf3 35. Nd2 1/2-1/2

[Event "Aut_2.Bundesliga_Ost_2004/05"]
[Site "?"]
[Date "2005.01.29"]
[Round "5.6"]
[White "Zojer, Stefan"]
[Black "Hansen, Kay"]
[Result "1/2-1/2"]
[WhiteElo "2132"]
[BlackElo "2208"]
[PlyCount "153"]
[EventDate "2004.10.09"]

1. d4 d5 2. c4 c6 3. Nf3 Nf6 4. cxd5 cxd5 5. Nc3 Nc6 6. Bf4 e6 7. e3 Bd6 8. Ne5
O-O 9. Bb5 Qc7 10. Bxc6 bxc6 11. Qa4 Bd7 12. O-O Rfb8 13. Rab1 Be8 14. Qc2 c5
15. Ne2 Nh5 16. Nf3 Nxf4 17. Nxf4 cxd4 18. Qxc7 Bxc7 19. Nxd4 Bd6 20. Nd3 g6
21. Rfc1 Rb6 22. Rc3 e5 23. Nb3 Bd7 24. Rbc1 a5 25. Nbc5 Bb5 26. b3 e4 27. Nb2
Be5 28. R3c2 Rc8 29. Nca4 Rbc6 30. Rxc6 Bxc6 31. Nb6 Rc7 32. N2a4 Kf8 33. g3
Ke7 34. Rc5 Bb7 35. Nxd5+ Bxd5 36. Rxd5 Rc1+ 37. Kg2 Bc7 38. Nc5 Bb6 39. Nxe4
f5 40. Ng5 Rc2 41. a4 Rb2 42. Rd3 h6 43. Nf3 g5 44. Ne5 Rb1 45. g4 fxg4 46.
Nxg4 h5 47. Ne5 Ke6 48. Nf3 g4 49. Ng5+ Ke7 50. Ne4 h4 51. h3 gxh3+ 52. Kxh3
Rh1+ 53. Kg2 Re1 54. Ng5 Re2 55. Nh3 Rb2 56. Kf3 Ke8 57. Kg4 Bd8 58. e4 Be7 59.
Kf5 Bc5 60. f4 Rg2 61. Ng5 Rg3 62. Rd1 Rxb3 63. Rh1 Bf2 64. e5 Ke7 65. Rc1 Bb6
66. e6 Rb4 67. Rd1 Bd4 68. Nf3 Be3 69. Rd7+ Ke8 70. Ne5 Rxf4+ 71. Kg6 Bd4 72.
Nc6 Rf6+ 73. Kh5 Rxe6 74. Rd8+ Kf7 75. Nxd4 Re4 76. Rd5 h3 77. Rxa5 1/2-1/2

[Event "Aut_2.Bundesliga_Ost_2004/05"]
[Site "?"]
[Date "2005.01.30"]
[Round "6.1"]
[White "Schlosser, Michael"]
[Black "Sandhu, Mario"]
[Result "1/2-1/2"]
[WhiteElo "2364"]
[BlackElo "2314"]
[PlyCount "27"]
[EventDate "2004.10.09"]

1. e4 c6 2. d4 d5 3. Nc3 dxe4 4. Nxe4 Nd7 5. Ng5 Ngf6 6. Bd3 e6 7. Qe2 Bd6 8.
f4 h6 9. N5f3 O-O 10. Nh3 c5 11. Bd2 cxd4 12. Nxd4 Nc5 13. O-O-O Re8 14. Nb5
1/2-1/2

[Event "Aut_2.Bundesliga_Ost_2004/05"]
[Site "?"]
[Date "2005.01.30"]
[Round "6.1"]
[White "Hofbauer, Martin"]
[Black "Wirius, Stefan"]
[Result "1-0"]
[WhiteElo "2334"]
[BlackElo "2334"]
[PlyCount "51"]
[EventDate "2004.10.09"]

1. e4 c5 2. c3 d5 3. exd5 Qxd5 4. d4 Nc6 5. Nf3 Nf6 6. Be2 cxd4 7. cxd4 e6 8.
O-O Be7 9. Nc3 Qd6 10. Be3 O-O 11. a3 Rd8 12. Rc1 a6 13. Qc2 Bd7 14. Rfd1 Be8
15. Ng5 h6 16. Nge4 Nxe4 17. Nxe4 Qc7 18. Qb3 Rd5 19. Nc3 Rd7 20. d5 exd5 21.
Nxd5 Qe5 22. Nxe7+ Nxe7 23. Rxd7 Bxd7 24. Qxb7 Rc8 25. Rxc8+ Bxc8 26. Qb6 1-0

[Event "Aut_2.Bundesliga_Ost_2004/05"]
[Site "?"]
[Date "2005.01.30"]
[Round "6.1"]
[White "Hodysh, Yuriy"]
[Black "Schneider-Zinner, Harald"]
[Result "1/2-1/2"]
[WhiteElo "2166"]
[BlackElo "2358"]
[PlyCount "69"]
[EventDate "2004.10.09"]

1. d4 d5 2. c4 e6 3. Nc3 c6 4. e3 Nf6 5. Nf3 Nbd7 6. Qc2 Bd6 7. b3 O-O 8. Bb2
a6 9. Bd3 b5 10. O-O Bb7 11. c5 Bc7 12. b4 a5 13. a3 Re8 14. Nxb5 cxb5 15. c6
Rc8 16. cxd7 Nxd7 17. Qe2 Ba6 18. bxa5 Bxa5 19. a4 Bc7 20. axb5 Bb7 21. Rfc1
Bb8 22. Rxc8 Bxc8 23. Bc3 Qc7 24. Qd2 Bb7 25. Ba5 Nb6 26. Rc1 Qd6 27. Ne5 Nc4
28. Bxc4 dxc4 29. f3 Qd5 30. Nxc4 Rc8 31. Ne5 Rxc1+ 32. Qxc1 Bxe5 33. dxe5 Qxb5
34. Qc7 h6 35. Qc3 1/2-1/2

[Event "Aut_2.Bundesliga_Ost_2004/05"]
[Site "?"]
[Date "2005.01.30"]
[Round "6.1"]
[White "Holzer, Gerhard"]
[Black "Pachta, Paul"]
[Result "1/2-1/2"]
[WhiteElo "2276"]
[BlackElo "2159"]
[PlyCount "64"]
[EventDate "2004.10.09"]

1. b3 e5 2. Bb2 d6 3. e3 Nc6 4. g3 g6 5. Bg2 Nge7 6. Ne2 Bg7 7. O-O O-O 8. c4
Be6 9. d4 exd4 10. Nxd4 Nxd4 11. Bxd4 Qc8 12. Bxg7 Kxg7 13. Qd4+ f6 14. Rd1 Nc6
15. Qc3 h5 16. c5 dxc5 17. Qxc5 Ne5 18. Nd2 c6 19. f4 Ng4 20. e4 Qc7 21. h3 Nh6
22. Nf3 Nf7 23. Nd4 Bc8 24. Rf1 Re8 25. Kh1 a6 26. Rad1 Bd7 27. Qc3 Rad8 28.
Rde1 Re7 29. Nc2 Rde8 30. Ne3 Qc8 31. Kh2 Nd6 32. Nc4 Nxc4 1/2-1/2

[Event "Aut_2.Bundesliga_Ost_2004/05"]
[Site "?"]
[Date "2005.01.30"]
[Round "6.1"]
[White "Schwab, Rene"]
[Black "Wirius, Johannes"]
[Result "1-0"]
[WhiteElo "2268"]
[BlackElo "2182"]
[PlyCount "127"]
[EventDate "2004.10.09"]

1. e4 g6 2. d4 Bg7 3. c3 d6 4. Bc4 Nf6 5. Qe2 O-O 6. Bg5 c6 7. Nd2 e5 8. dxe5
dxe5 9. Ngf3 Qc7 10. h3 Nbd7 11. O-O b5 12. Bb3 a5 13. Be3 a4 14. Bc2 c5 15. b3
axb3 16. axb3 Ra5 17. Bd3 Bb7 18. Bxb5 Rxa1 19. Rxa1 Bxe4 20. Nxe4 Nxe4 21.
Bxd7 Qxd7 22. Qc4 Qb7 23. b4 cxb4 24. Ra7 Nd6 25. Qb3 Qc6 26. cxb4 Nb5 27. Ra5
Nd4 28. Nxd4 exd4 29. Bf4 Qe4 30. Bg3 d3 31. Rd5 Bd4 32. Kh2 d2 33. Rd7 h5 34.
h4 Be5 35. Rxd2 Qxh4+ 36. Kg1 Bxg3 37. fxg3 Qe4 38. Rf2 h4 39. gxh4 Qe1+ 40.
Rf1 Qxh4 41. b5 Qd4+ 42. Rf2 Qa1+ 43. Kh2 Kg7 44. Qb2+ Qxb2 45. Rxb2 Rb8 46.
Kg3 f5 47. Kf4 Kf6 48. b6 Rb7 49. Rb5 g5+ 50. Ke3 f4+ 51. Kf3 Kg6 52. Kg4 Kf6
53. Rb1 Kg6 54. Rb3 Kf6 55. Rb5 Rb8 56. b7 Ke6 57. Kxg5 Kd6 58. Kxf4 Kc6 59.
Rb1 Rxb7 60. Rxb7 Kxb7 61. Kf5 Kc6 62. Ke6 Kc7 63. g4 Kd8 64. Kf7 1-0

[Event "Aut_2.Bundesliga_Ost_2004/05"]
[Site "?"]
[Date "2005.01.30"]
[Round "6.2"]
[White "Likavsky, Tomas"]
[Black "Loeffler, Stefan"]
[Result "0-1"]
[WhiteElo "2449"]
[BlackElo "2432"]
[PlyCount "54"]
[EventDate "2004.10.09"]

1. Nf3 d5 2. g3 c5 3. Bg2 Nc6 4. d4 Nf6 5. O-O Bg4 6. c4 cxd4 7. cxd5 Bxf3 8.
Bxf3 Nxd5 9. e3 e6 10. exd4 Bb4 11. Nc3 Nxc3 12. bxc3 Bxc3 13. Rb1 O-O 14. Ba3
Re8 15. d5 exd5 16. Bxd5 Qd7 17. Qb3 Rac8 18. Qxc3 Qxd5 19. Rfd1 Qxa2 20. Rxb7
Ne5 21. Re7 Qe2 22. Rc1 h5 23. Qb2 Rxc1+ 24. Qxc1 Nf3+ 25. Kg2 Rxe7 26. Bxe7
Ne1+ 27. Kg1 Qxe7 0-1

[Event "Aut_2.Bundesliga_Ost_2004/05"]
[Site "?"]
[Date "2005.01.30"]
[Round "6.2"]
[White "Miniboeck, Guenter"]
[Black "Antal, Gergely"]
[Result "1-0"]
[WhiteElo "2345"]
[BlackElo "2450"]
[PlyCount "113"]
[EventDate "2004.10.09"]

1. d4 d5 2. c4 Nc6 3. cxd5 Qxd5 4. e3 e5 5. Nc3 Bb4 6. Bd2 Bxc3 7. bxc3 Nf6 8.
f3 O-O 9. c4 Qd6 10. d5 Ne7 11. e4 Nd7 12. Ne2 Nc5 13. Nc3 c6 14. Be2 b5 15.
cxb5 cxd5 16. Nxd5 Nxd5 17. exd5 e4 18. O-O Bf5 19. Bb4 Rfc8 20. fxe4 Bxe4 21.
Qd4 Qxd5 22. Qxd5 Bxd5 23. Rfd1 Be4 24. Rd4 Bb7 25. Rc1 Ne6 26. Rxc8+ Bxc8 27.
Rd1 a6 28. b6 Rb8 29. Bc5 Bb7 30. Be3 Rd8 31. Rxd8+ Nxd8 32. Bc5 Ne6 33. Bd6 f5
34. Kf2 Kf7 35. Bc4 Kf6 36. Ke3 g5 37. g3 h5 38. Kd3 f4 39. gxf4 gxf4 40. Kc3
f3 41. Kd2 Nd4 42. Ke1 Nb5 43. Bb8 Nc3 44. Kf2 Kg5 45. Bc7 Nd1+ 46. Ke1 Ne3 47.
Bb3 Kh4 48. Be6 Ng4 49. Bg3+ Kg5 50. h4+ Kf6 51. Bxg4 hxg4 52. Kf2 Ke6 53. Ke3
Kd7 54. Kf4 Bd5 55. a3 Be6 56. h5 Kc6 57. Bf2 1-0

[Event "Aut_2.Bundesliga_Ost_2004/05"]
[Site "?"]
[Date "2005.01.30"]
[Round "6.2"]
[White "Plank, Franz"]
[Black "Brandner, Stefan"]
[Result "0-1"]
[WhiteElo "2305"]
[BlackElo "2316"]
[PlyCount "106"]
[EventDate "2004.10.09"]

1. e4 e5 2. Nf3 Nc6 3. Bc4 Bc5 4. c3 Nf6 5. d3 d6 6. Bb3 h6 7. Nbd2 Bg4 8. Nf1
d5 9. Qe2 O-O 10. Ng3 Qd6 11. h3 Be6 12. O-O dxe4 13. Nxe4 Nxe4 14. dxe4 Bxb3
15. axb3 a5 16. Rd1 Qe6 17. Rd5 b6 18. Be3 Bd6 19. Nd2 f5 20. f3 fxe4 21. fxe4
Ne7 22. Rd3 Ng6 23. Nc4 Be7 24. Rdd1 Nf4 25. Qg4 Qxg4 26. hxg4 Bg5 27. Kh2 Ne6
28. Rf1 Rxf1 29. Rxf1 b5 30. Bxg5 bxc4 31. Be7 cxb3 32. Rd1 c5 33. Rd7 a4 34.
Rb7 Re8 35. Bd6 Ng5 36. Bxc5 Nxe4 37. Be3 Nf6 38. Kg3 Rd8 39. Kf3 Rd1 40. g5
hxg5 41. Bxg5 Rb1 42. Ra7 Rxb2 43. Rxa4 Rc2 44. c4 Rc3+ 45. Ke2 Ne4 46. Be3 Nd6
47. Kd2 Rc2+ 48. Kd3 e4+ 49. Kd4 Rxc4+ 50. Rxc4 Nxc4 51. Bc1 b2 52. Bxb2 Nxb2
53. Kxe4 Kf7 0-1

[Event "Aut_2.Bundesliga_Ost_2004/05"]
[Site "?"]
[Date "2005.01.30"]
[Round "6.2"]
[White "Allacher, Erwin"]
[Black "Herndlbauer, Martin"]
[Result "1/2-1/2"]
[WhiteElo "2147"]
[BlackElo "2132"]
[PlyCount "41"]
[EventDate "2004.10.09"]

1. d4 d5 2. Nf3 Nf6 3. c4 c6 4. Nc3 dxc4 5. a4 Bf5 6. Ne5 Nbd7 7. Nxc4 Nb6 8.
e3 e6 9. f3 Bb4 10. Bd2 O-O 11. Nxb6 Qxb6 12. Na2 Bxd2+ 13. Qxd2 Rad8 14. a5
Qc7 15. Qc3 Qd7 16. Be2 Qe7 17. e4 Bg6 18. O-O a6 19. Rfd1 e5 20. dxe5 Nd7 21.
Rd4 1/2-1/2

[Event "Aut_2.Bundesliga_Ost_2004/05"]
[Site "?"]
[Date "2005.01.30"]
[Round "6.2"]
[White "Filip, Daniel"]
[Black "Leber, Franz"]
[Result "1/2-1/2"]
[WhiteElo "2060"]
[BlackElo "2119"]
[PlyCount "64"]
[EventDate "2004.10.09"]

1. e4 c6 2. d4 d5 3. Nc3 dxe4 4. Nxe4 Bf5 5. Ng3 Bg6 6. Nf3 Nd7 7. h4 h6 8. h5
Bh7 9. Bd3 Bxd3 10. Qxd3 Ngf6 11. Bd2 e6 12. O-O-O Qc7 13. Rh4 O-O-O 14. Kb1
Bd6 15. c4 c5 16. Qc2 Rhe8 17. Be3 Kb8 18. dxc5 Bxc5 19. Bxc5 Nxc5 20. Rhd4
Rxd4 21. Rxd4 e5 22. Rd2 e4 23. Nd4 Qe5 24. Ndf5 Nd3 25. Nxg7 Rc8 26. N7f5 Nd5
27. a3 N5f4 28. Ne3 Nxh5 29. Ngf5 Nhf4 30. Qc3 Qxc3 31. bxc3 h5 32. Nd6 Rg8
1/2-1/2

[Event "Aut_2.Bundesliga_Ost_2004/05"]
[Site "?"]
[Date "2005.01.30"]
[Round "6.3"]
[White "Varga, Zoltan"]
[Black "Srienz, Christian"]
[Result "1/2-1/2"]
[WhiteElo "2538"]
[BlackElo "2285"]
[PlyCount "79"]
[EventDate "2004.10.09"]

1. d4 Nf6 2. Nd2 d5 3. Ngf3 g6 4. c4 Bg7 5. e3 O-O 6. Be2 Nbd7 7. O-O c5 8.
cxd5 Nxd5 9. e4 Nf4 10. d5 Ne5 11. Nxe5 Nxe2+ 12. Qxe2 Bxe5 13. Nc4 Bd4 14. Be3
Bxe3 15. Qxe3 b6 16. Rad1 Ba6 17. Ne5 Qd6 18. Nf3 e5 19. dxe6 Qxe6 20. Ng5 Qe5
21. Rd2 Rad8 22. Rfd1 Rxd2 23. Rxd2 Qe7 24. e5 Rd8 25. f4 Bb7 26. Qh3 h5 27.
Qe3 Rxd2 28. Qxd2 Bc6 29. Qd3 Qd7 30. Qxd7 Bxd7 31. Ne4 Be6 32. a3 Kf8 33. Kf2
Ke7 34. g3 Kd7 35. Ke3 Kc6 36. Ng5 Kd5 37. h3 b5 38. g4 hxg4 39. hxg4 c4 40.
Ne4 1/2-1/2

[Event "Aut_2.Bundesliga_Ost_2004/05"]
[Site "?"]
[Date "2005.01.30"]
[Round "6.3"]
[White "Wukits, Rene"]
[Black "Hagara, Eduard"]
[Result "1-0"]
[WhiteElo "2265"]
[BlackElo "2398"]
[PlyCount "89"]
[EventDate "2004.10.09"]

1. d4 Nf6 2. c4 g6 3. Nc3 d5 4. cxd5 Nxd5 5. e4 Nxc3 6. bxc3 Bg7 7. Bc4 c5 8.
Ne2 O-O 9. Be3 Nc6 10. Rc1 a6 11. h4 h5 12. f3 b5 13. Bd5 Bd7 14. Bg5 Re8 15.
e5 Rc8 16. Nf4 cxd4 17. Bxf7+ Kxf7 18. Qb3+ e6 19. Bxd8 Rexd8 20. Qb1 Bxe5 21.
Qxg6+ Ke7 22. Qg5+ Kd6 23. O-O Rg8 24. Ng6 Be8 25. f4 Rxg6 26. fxe5+ Nxe5 27.
Qxe5+ Kxe5 28. cxd4+ Kd6 29. Rxc8 Bc6 30. Rc1 Bxg2 31. Rd8+ Ke7 32. Rh8 Bd5+
33. Kf2 Rg4 34. Rc7+ Kd6 35. Ra7 Rg2+ 36. Ke3 Rxa2 37. Rxh5 Kc6 38. Rh8 Kb6 39.
Rg7 b4 40. h5 Ra3+ 41. Kf4 Rh3 42. h6 b3 43. Rb8+ Ka5 44. Rg1 Rh2 45. h7 1-0

[Event "Aut_2.Bundesliga_Ost_2004/05"]
[Site "?"]
[Date "2005.01.30"]
[Round "6.3"]
[White "Stranz, Richard"]
[Black "Kleiser, Gregor"]
[Result "1-0"]
[WhiteElo "2272"]
[BlackElo "2262"]
[PlyCount "107"]
[EventDate "2004.10.09"]

1. e4 c5 2. Nc3 Nc6 3. Nf3 Nf6 4. d4 cxd4 5. Nxd4 e5 6. Ndb5 d6 7. Bg5 a6 8.
Na3 b5 9. Bxf6 gxf6 10. Nd5 f5 11. c3 Bg7 12. exf5 Bxf5 13. Nc2 O-O 14. Nce3
Bg6 15. h4 Be4 16. Bd3 Bxd5 17. Nxd5 f5 18. Qh5 e4 19. Bc2 Qe8 20. Qg5 Ra7 21.
h5 Kh8 22. Nf4 Ne5 23. O-O-O Nc4 24. Bb3 Be5 25. g3 Rg7 26. Qh4 Rg4 27. Qh3 Qe7
28. Qf1 Na5 29. Ng6+ hxg6 30. hxg6+ Kg7 31. Rh7+ Kf6 32. Rxe7 Nxb3+ 33. axb3
Kxe7 34. b4 Rxg6 35. Kc2 Rh6 36. Rd2 Rd8 37. f3 Bxg3 38. fxe4 f4 39. Qf3 Rh2
40. Rxh2 Bxh2 41. Qg4 Bg3 42. Qg7+ Ke6 43. Kd3 Re8 44. Qg4+ Ke7 45. Ke2 Rf8 46.
Kf3 Rf6 47. Qc8 Rg6 48. Qxa6 Rg5 49. Qb7+ Ke6 50. Qh7 Re5 51. Qc7 Bh2 52. Qd8
Bg3 53. Qe8+ Kf6 54. Qd7 1-0

[Event "Aut_2.Bundesliga_Ost_2004/05"]
[Site "?"]
[Date "2005.01.30"]
[Round "6.3"]
[White "Wallner, Alfred"]
[Black "Ivancsics, Michael"]
[Result "1/2-1/2"]
[WhiteElo "2232"]
[BlackElo "2283"]
[PlyCount "29"]
[EventDate "2004.10.09"]

1. e4 g6 2. d4 Bg7 3. Nc3 c6 4. f4 d5 5. e5 h5 6. Be3 Nh6 7. Nf3 Bg4 8. h3 Nf5
9. Bf2 Bxf3 10. Qxf3 h4 11. Bd3 e6 12. O-O Nd7 13. Ne2 Bf8 14. b3 Qa5 15. c4
1/2-1/2

[Event "Aut_2.Bundesliga_Ost_2004/05"]
[Site "?"]
[Date "2005.01.30"]
[Round "6.3"]
[White "Krpelan, Wolfgang"]
[Black "Ponjican, Erich"]
[Result "1-0"]
[WhiteElo "2246"]
[BlackElo "2135"]
[PlyCount "81"]
[EventDate "2004.10.09"]

1. e4 Nf6 2. e5 Nd5 3. d4 d6 4. Nf3 Bg4 5. Be2 Nc6 6. c4 Nb6 7. exd6 exd6 8.
Nbd2 Bf5 9. a3 a5 10. d5 Ne5 11. Nxe5 dxe5 12. Nf3 e4 13. Nd4 Bg6 14. Be3 Nd7
15. Qa4 Bd6 16. Bg4 Be5 17. Ne6 fxe6 18. dxe6 O-O 19. exd7 Bxb2 20. Rd1 Bc3+
21. Ke2 Qh4 22. h3 Bh5 23. f3 exf3+ 24. gxf3 Bxg4 25. hxg4 Qf6 26. Rhf1 Ra6 27.
c5 Re6 28. Qb3 a4 29. Qc4 Rd8 30. Rd3 Bb2 31. g5 Qf5 32. Rb1 Be5 33. Rb4 Kh8
34. Rxa4 Re7 35. Ra8 Qf8 36. Rxd8 Qxd8 37. f4 Bb2 38. c6 bxc6 39. Qxc6 g6 40.
a4 Kg8 41. a5 1-0

[Event "Aut_2.Bundesliga_Ost_2004/05"]
[Site "?"]
[Date "2005.01.30"]
[Round "6.3"]
[White "Lenz, Alarich"]
[Black "Galavics, Hermann"]
[Result "1-0"]
[WhiteElo "2186"]
[BlackElo "2098"]
[PlyCount "72"]
[EventDate "2004.10.09"]

1. c4 c6 2. e4 d5 3. exd5 cxd5 4. d4 e6 5. Nc3 Nf6 6. Nf3 Nc6 7. Bd3 Be7 8. O-O
Nb4 9. c5 Nxd3 10. Qxd3 a5 11. Na4 O-O 12. Bf4 Bd7 13. Nb6 Ra6 14. b3 Ne4 15.
a3 Qe8 16. Nxd7 Qxd7 17. Ne5 Qc8 18. f3 Nf6 19. b4 Nd7 20. Nxd7 Qxd7 21. b5
Raa8 22. Rac1 Rfc8 23. Rc2 f6 24. Rfc1 Qe8 25. c6 bxc6 26. Rxc6 Bf8 27. a4 Rxc6
28. Rxc6 Bb4 29. Qe2 e5 30. dxe5 Rc8 31. Qc2 Rd8 32. e6 d4 33. Qd3 Kh8 34. Bc7
Rd7 35. g3 Rd5 36. Qc4 Rh5 1-0

[Event "Aut_2.Bundesliga_Ost_2004/05"]
[Site "?"]
[Date "2005.01.30"]
[Round "6.4"]
[White "Alvir, Aco"]
[Black "Sommerbauer, Norbert"]
[Result "1/2-1/2"]
[WhiteElo "2381"]
[BlackElo "2419"]
[PlyCount "22"]
[EventDate "2004.10.09"]

1. e4 c5 2. Nf3 e6 3. c3 d5 4. exd5 exd5 5. d4 Nc6 6. Bd3 c4 7. Bc2 Bd6 8. b3
cxb3 9. axb3 Nge7 10. O-O O-O 11. Re1 Bf5 1/2-1/2